Statistics for Homophones #4

Click here to take the quiz!

General Stats

  • This quiz has been taken 37,950 times
  • The average score is 18 of 24

Answer Stats

WordHomophone% Correct
HerdHeard
94%
FlowerFlour
90%
BreadBred
88%
MorningMourning
88%
AloudAllowed
86%
ThroneThrown
86%
AisleIsle
85%
NoseKnows
85%
TautTaught
84%
ClawsClause
80%
TideTied
78%
ClickClique
77%
SensorCensor
76%
WhaleWail
74%
BaseBass
72%
LinksLynx
72%
ShootChute
70%
CourseCoarse
70%
CashCache
69%
SeedCede
68%
WetWhet
68%
ChasedChaste
55%
LeanLien
42%
JamJamb
35%

Score Distribution

Percentile by Number Answered

Percent of People with Each Score

Your Score History

You have not taken this quiz